City Trivia - Chicago - Statistics

General Stats
  • This quiz has been taken 68 times
  • The average score is 10 of 15
Answer Stats
Question Answer % Correct
What style of pizza was invented in Chicago? Deep Dish
100%
Until it closed in 1971, what was the name of the stockyards immortalized in song by Frank Sinatra? Union
100%
What is commonly considered the cause of the Great Chicago Fire? A cow kicks over a lantern
88%
Which of the following is the name of the zoo in the city of Chicago? Lincoln Park
88%
When it was first coined, what did 'Windy City' refer to? The turbulent political scene
88%
What Chicago roadway immortalized in song starts at Hollywood Street? Lake Shore Drive
75%
What range below accurately describes the population of Chicago and its suburbs? 9.25 - 9.75 million people
63%
Which of the following can be found at the Art Institute of Chicago? 'A Sunday Afternoonon the Island of La Grande Jatte' by Georges Seurat
63%
What is the name of Chicago's first female mayor? Jane Byrne
63%
Which if the following retailers were not founded in Chicago? J.C. Penney's
63%
Which of the following is not a neighborhood within the city of Chicago? Oak Park
63%
Prior to becoming an airport, what was the majority of the land upon which O'Hare now rests used for? Apple Orchard
50%
By what Chicago theater was gangster John Dillinger shot? Biograph Theater
38%
In 1858, what significant event occurred in Chicago? City streets and buildings are raised to improve drainage
25%
Chicago has more 'what' than any other city in the United States? Boat Slips
0%
No matching quizzes found
Score Distribution
Percent of People with Each Score
Percentile by Number Answered
Your Score History
You have not taken this quiz